Zapálené srdce /

Saved in:
Bibliographic Details
Main Author: BODENEK, Ján (Author)
Format: Book
Language:Slovak
Published: Bratislava Tatran 1966
Edition:3. vydanie
Series:Hviezdoslavova knižnica 122. zväzok
Tags: Add Tag
No Tags, Be the first to tag this record!

MARC

LEADER 00000nam a22000003a 4500
001 0102445
003 SK-STU
005 20230607132149.1
007 ta
008 230607s ----xo-----e------000-0-----d
040 |a STU  |b slo 
041 0 |a slo 
044 |a xo 
100 1 |a BODENEK, Ján  |4 aut 
245 1 0 |a Zapálené srdce /  |c aut. Ján BODENEK 
250 |a 3. vydanie 
260 |a Bratislava  |b Tatran  |c 1966 
300 |a 216 s. 
490 0 |a Hviezdoslavova knižnica  |v 122. zväzok 
996 |c I* 4SOA13929  |l I  |s A  |a 24  |w 0102445_0001